000 00508nam a2200145Ia 4500
008 170221s9999 xx 000 0 und d
100 _aInna Babenko Viktorovna
245 _aIssues of Forming Inventory Management System in Small Businesses
245 _cInna Babenko Viktorovna, Pavel Pochechun Ivanovich
260 _bInternational Review of Management and Marketing
260 _c2012
300 _a1 : 2
650 _xMarketing.
856 _uhttp://www.econjournals.com/index.php/irmm/issue/view/82
999 _c314029
_d314029